000 00271pam a2200133 a 4500
020 _c
041 _aeng
082 _bPAR
100 _aParker Stove .
245 _aSeahore
_hTextual Documents
260 _a[s.l]:
_bWorld book INC
300 _a63 pg .
930 _a6967
999 _c83878
_d83878